All Incorporated Municipalities of Chester County, Pennsylvania - Statistics

General Stats
  • This quiz has been taken 21 times
  • The average score is 28 of 73
Answer Stats
Answer % Correct
West Chester
100%
East Goshen
75%
East Whiteland
75%
Malvern
75%
Phoenixville
75%
West Goshen
75%
Willistown
75%
Avondale
50%
Caln
50%
Downingtown
50%
East Caln
50%
Easttown
50%
Elverson
50%
Kennett
50%
Kennett Square
50%
Modena
50%
New London
50%
Oxford
50%
Parkesburg
50%
Sadsbury
50%
South Coatesville
50%
Thornbury
50%
Tredyffrin
50%
Upper Uwchlan
50%
Uwchlan
50%
Valley
50%
West Caln
50%
West Grove
50%
Westtown
50%
West Whiteland
50%
Atglen
25%
Birmingham
25%
Charlestown
25%
East Bradford
25%
East Brandywine
25%
East Coventry
25%
East Fallowfield
25%
East Marlborough
25%
East Nantmeal
25%
East Nottingham
25%
East Pikeland
25%
East Vincent
25%
Elk
25%
Franklin
25%
Highland
25%
Honey Brook
25%
Honey Brook
25%
London Britain
25%
Londonderry
25%
London Grove
25%
Lower Oxford
25%
New Garden
25%
Newlin
25%
North Coventry
25%
Penn
25%
Pennsbury
25%
Pocopson
25%
Schuylkill
25%
South Coventry
25%
Spring City
25%
Upper Oxford
25%
Wallace
25%
Warwick
25%
West Bradford
25%
West Brandywine
25%
West Fallowfield
25%
West Marlborough
25%
West Nantmeal
25%
West Nottingham
25%
West Pikeland
25%
West Sadsbury
25%
West Vincent
25%
Coatestown
0%
No matching quizzes found
Score Distribution
Percent of People with Each Score
Percentile by Number Answered
Your Score History
You have not taken this quiz